Detalles MARC
| 000 -CABECERA |
| campo de control de longitud fija |
02055nam a2200301 a 4500 |
| 001 - NÚMERO DE CONTROL |
| campo de control |
000047456 |
| 003 - IDENTIFICADOR DEL NÚMERO DE CONTROL |
| campo de control |
DO-SdBNP |
| 005 - FECHA Y HORA DE LA ÚLTIMA TRANSACCIÓN |
| campo de control |
20240305130808.0 |
| 007 - CAMPO FIJO DE DESCRIPCIÓN FÍSICA--INFORMACIÓN GENERAL |
| campo de control de longitud fija |
ta |
| 008 - DATOS DE LONGITUD FIJA--INFORMACIÓN GENERAL |
| campo de control de longitud fija |
180530s2017 dr ac gr 001 j spa d |
| 020 ## - NÚMERO INTERNACIONAL ESTÁNDAR DEL LIBRO |
| Número Internacional Estándar del Libro |
9789945484236 |
| 040 ## - FUENTE DE LA CATALOGACIÓN |
| Centro catalogador/agencia de origen |
DO-SdBNP |
| Lengua de catalogación |
spa |
| Centro/agencia transcriptor |
BNPHU |
| 082 #4 - NÚMERO DE LA CLASIFICACIÓN DECIMAL DEWEY |
| Número de clasificación |
RD863.5 |
| Número de documento/Ítem |
C744C 2016 |
| Número de edición |
22 |
| 111 2# - ENTRADA PRINCIPAL--NOMBRE DE CONGRESO/REUNIÓN |
| Nombre de congreso/reunión o jurisdicción como elemento de entrada |
Concurso de Cuento Joven Diógenes Valdez |
| Número del congreso/reunión o número de parte o sección |
(1: |
| Fecha del congreso/reunión |
2016 : |
| Sede del congreso/Lugar de la reunión |
San Cristóbal) |
| 9 (RLIN) |
80135 |
| 245 10 - MENCIÓN DE TÍTULO |
| Título |
Cuentos premiados : |
| Resto del título |
edición y corrección, Ramón Mesa, Ysabel Florentino, |
| 260 ## - PUBLICACIÓN, DISTRIBUCIÓN, ETC. |
| Lugar de publicación, distribución, etc. |
San Cristóbal : |
| Nombre del editor, distribuidor, etc. |
Feria del Libro Sancristobalense, |
| Fecha de publicación, distribución, etc. |
2017. |
| 300 ## - DESCRIPCIÓN FÍSICA |
| Extensión |
109 p. : |
| Otras características físicas |
il., retrs. ; |
| Dimensiones |
22 cm. |
| 505 ## - NOTA DE CONTENIDO CON FORMATO |
| Información miscelánea |
1er.lugar |
| Título |
El juego / |
| Mención de responsabilidad |
Daneiri Reyes Bello.-- |
| Información miscelánea |
2do. lugar. |
| Título |
Tu último suspiro / |
| Mención de responsabilidad |
Miguel Eduardo Matos Florimón.-- |
| Información miscelánea |
3er. lugar |
| Título |
Sombras de mi pasado / |
| Mención de responsabilidad |
Sachariel Márquez Angomas.-- |
| Información miscelánea |
Mención de Honor |
| Título |
Ella estaba ahí / |
| Mención de responsabilidad |
Riclari Mariñez Lebrón.-- |
| Información miscelánea |
Mención de Honor |
| Título |
Entre las sombras / |
| Mención de responsabilidad |
Elisbeth Gina Rosario García.-- |
| Información miscelánea |
Mención de honor |
| Título |
La carta asesina / |
| Mención de responsabilidad |
Anyira Nova Pineda.-- |
| Información miscelánea |
Mención de honor |
| Título |
Lágrimas de Luloah / |
| Mención de responsabilidad |
Ana Bárbara Ramírez.-- |
| Título |
Las once horas de acción más lentas de toda mi vida / |
| Mención de responsabilidad |
Randy Alexander Rosario.-- |
| Título |
Mundos al revés / |
| Mención de responsabilidad |
Juleisi Saony Castillo Soriano.-- |
| Título |
No es vivir / |
| Mención de responsabilidad |
Carlos Joel Díaz Adames.-- |
| Información miscelánea |
Finalistas |
| Título |
Lágrimas de sangre / |
| Mención de responsabilidad |
Raidy Frías Jiménez |
| Título |
Capitán Merito Aquino / |
| Mención de responsabilidad |
Frank Aquino Severino.-- |
| Título |
Relato de un viernes / |
| Mención de responsabilidad |
Génesis Bravo Martínez.-- |
| Título |
El sueño de doña Carmen / |
| Mención de responsabilidad |
Altagracia de jesús.-- |
| Título |
Sin culpa a la muerte de Camila / |
| Mención de responsabilidad |
Jeranny Reyes Vizcaíno.-- |
| Título |
Una terrible pesadilla / |
| Mención de responsabilidad |
Nicole Mercedes de la Rosa Rodríguez.-- |
| Título |
La llamada / |
| Mención de responsabilidad |
Alex Rodríguez Abreu. |
| 590 ## - NOTA LOCAL (RLIN) |
| Nota local |
Inventariado,2018/DG |
| 650 #4 - PUNTO DE ACCESO ADICIONAL DE MATERIA--TÉRMINO DE MATERIA |
| Término de materia o nombre geográfico como elemento de entrada |
Cuentos dominicanos |
| 9 (RLIN) |
80136 |
| 650 #4 - PUNTO DE ACCESO ADICIONAL DE MATERIA--TÉRMINO DE MATERIA |
| Término de materia o nombre geográfico como elemento de entrada |
Literatura dominicana |
| 9 (RLIN) |
80137 |
| 650 #4 - PUNTO DE ACCESO ADICIONAL DE MATERIA--TÉRMINO DE MATERIA |
| Término de materia o nombre geográfico como elemento de entrada |
Premios literarios |
| Subdivisión cronológica |
2016 |
| 9 (RLIN) |
80138 |
| 650 #4 - PUNTO DE ACCESO ADICIONAL DE MATERIA--TÉRMINO DE MATERIA |
| Término de materia o nombre geográfico como elemento de entrada |
Certámenes literarios |
| Subdivisión cronológica |
2016 |
| 9 (RLIN) |
80139 |
| 700 1# - PUNTO DE ACCESO ADICIONAL--NOMBRE DE PERSONA |
| Nombre de persona |
Mesa, Ramón |
| Término indicativo de función/relación |
ed. |
| 9 (RLIN) |
43164 |
| 700 1# - PUNTO DE ACCESO ADICIONAL--NOMBRE DE PERSONA |
| Nombre de persona |
Florentino, Ysabel, |
| Fechas asociadas al nombre |
1981- |
| Término indicativo de función/relación |
ed. |
| 9 (RLIN) |
43165 |
| 910 ## - DATOS DE OPCIÓN DEL USUARIO (OCLC) |
| Datos de opción del usuario |
Validado. Control de calidad MFF |
| 942 ## - ELEMENTOS DE PUNTO DE ACCESO ADICIONAL (KOHA) |
| Fuente del sistema de clasificación o colocación |
Dewey Decimal Classification |
| Tipo de ítem Koha |
Libro |